000 00562nam a2200169 a 4500
001 000032781
003 DO-SdBNP
005 20250221073755.0
008 110726s1906 000 spa d
040 _aDO-SdBNP
_bspa
_cBNPHU
049 _aBNPD
110 1 _aRepública Dominicana.
_bOficina Nacional de Estadística
_95775
245 1 0 _aInforme al ciudadano Secretario de Estado en los despachos de hacienda y comercio.
260 _aSanto Domingo :
_bImp. La Cuna de América,
_c1906.
300 _a1v. Con varias paginaciones ;
_c28 cm.
942 _2ddc
_cLBS1
999 _c32272
_d32272